| 000 | 00469cam a2200157 4500 | ||
|---|---|---|---|
| 001 | 3668924 | ||
| 005 | 20250605130959.0 | ||
| 008 | 710611s1971 nyu b 001 0 eng | ||
| 050 | 0 | 0 |
_aBT481 _b.F84 |
| 082 | 0 | 0 | _a232.97 |
| 100 | 1 |
_aFuller, Reginald H. _q(Reginald Horace), _d1915-2007. |
|
| 245 | 1 | 4 |
_aThe formation of the Resurrection narratives _c[by] Reginald H. Fuller. |
| 260 |
_aNew York, _bMacmillan _c[1971] |
||
| 300 |
_axiv, 225 p. _c22 cm. |
||
| 942 |
_2lcc _cBK _n0 |
||
| 999 |
_c6308 _d6308 |
||